[Event "April 9 Early 2024"]
[Site "Chess.com"]
[Date "2024.04.09"]
[Round "5"]
[White "Glidzhain, Gor"]
[Black "Mazurkiewicz, Michal"]
[Result "1-0"]
[Board "153"]
[WhiteFideId "24109932"]
[BlackFideId "1124943"]
[WhiteTitle "FM"]
[BlackTitle "CM"]
[WhiteElo "2567"]
[BlackElo "2425"]
[WhiteTeam "RUS"]
[BlackTeam "POL"]
[WhiteClock "0:00:18"]
[BlackClock "0:00:00"]
[Variant "Standard"]

1. h4 {[%clk 0:02:59]}  Nf6 {[%clk 0:02:58]} 2. h5 {[%clk 0:02:58]}  h6 {[%clk 0:02:57]} 3. d4 {[%clk 0:02:56]}  d5 {[%clk 0:02:57]} 4. Nc3 {[%clk 0:02:55]}  Bf5 {[%clk 0:02:57]} 5. Bf4 {[%clk 0:02:54]}  e6 {[%clk 0:02:57]} 6. e3 {[%clk 0:02:53]}  c5 {[%clk 0:02:57]} 7. Nb5 {[%clk 0:02:44]}  Na6 {[%clk 0:02:57]} 8. c3 {[%clk 0:02:44]}  Be7 {[%clk 0:02:56]} 9. f3 {[%clk 0:02:41]}  O-O {[%clk 0:02:34]} 10. g4 {[%clk 0:02:40]}  Bh7 {[%clk 0:02:34]} 11. Bd3 {[%clk 0:02:33]}  c4 {[%clk 0:02:24]} 12. Bxh7+ {[%clk 0:02:25]}  Nxh7 {[%clk 0:02:25]} 13. a4 {[%clk 0:02:25]}  Bg5 {[%clk 0:02:22]} 14. Nh3 {[%clk 0:02:18]}  Bxf4 {[%clk 0:02:17]} 15. exf4 {[%clk 0:02:12]}  Nc7 {[%clk 0:02:15]} 16. Nxc7 {[%clk 0:02:07]}  Qxc7 {[%clk 0:02:16]} 17. Qe2 {[%clk 0:02:06]}  Rae8 {[%clk 0:02:04]} 18. Qe5 {[%clk 0:01:53]}  Qb6 {[%clk 0:02:01]} 19. O-O-O {[%clk 0:01:47]}  f6 {[%clk 0:01:32]} 20. Qe2 {[%clk 0:01:43]}  Qa5 {[%clk 0:01:32]} 21. Qc2 {[%clk 0:01:40]}  Rb8 {[%clk 0:01:27]} 22. Rde1 {[%clk 0:01:37]}  Rfe8 {[%clk 0:01:27]} 23. g5 {[%clk 0:01:32]}  b5 {[%clk 0:01:14]} 24. gxh6 {[%clk 0:01:28]}  bxa4 {[%clk 0:01:11]} 25. Rhg1 {[%clk 0:01:00]}  Rb7 {[%clk 0:01:11]} 26. Rxg7+ {[%clk 0:00:47]}  Rxg7 {[%clk 0:01:11]} 27. hxg7 {[%clk 0:00:48]}  a3 {[%clk 0:01:06]} 28. bxa3 {[%clk 0:00:48]}  Rb8 {[%clk 0:01:00]} 29. Kd2 {[%clk 0:00:44]}  Qxa3 {[%clk 0:00:58]} 30. Rb1 {[%clk 0:00:44]}  Rxb1 {[%clk 0:00:51]} 31. Qxb1 {[%clk 0:00:45]}  Kxg7 {[%clk 0:00:50]} 32. Qg6+ {[%clk 0:00:28]}  Kh8 {[%clk 0:00:51]} 33. h6 {[%clk 0:00:25]}  Qf8 {[%clk 0:00:45]} 34. f5 {[%clk 0:00:24]}  Qg8 {[%clk 0:00:38]} 35. Nf4 {[%clk 0:00:22]}  exf5 {[%clk 0:00:20]} 36. Qxf5 {[%clk 0:00:20]}  Qg5 {[%clk 0:00:05]} 37. Qc8+ {[%clk 0:00:17]}  Nf8 {[%clk 0:00:03]} 38. Qxf8+ {[%clk 0:00:16]}  Kh7 {[%clk 0:00:03]} 39. Qg7+ {[%clk 0:00:16]}  Qxg7 {[%clk 0:00:04]} 40. hxg7 {[%clk 0:00:17]}  Kxg7 {[%clk 0:00:03]} 41. Nxd5 {[%clk 0:00:17]}  Kg6 {[%clk 0:00:03]} 42. Ne3 {[%clk 0:00:18]}  Kg5 {[%clk 0:00:02]} 43. Nxc4 {[%clk 0:00:18]}  Kf4 {[%clk 0:00:03]} 44. Ke2 {[%clk 0:00:18]}  a5 {[%clk 0:00:00]} 45. Nxa5 {[%clk 0:00:18]} 1-0

[Event "April 9 Early 2024"]
[Site "Chess.com"]
[Date "2024.04.09"]
[Round "5"]
[White "Sathvik Adiga"]
[Black "Slade, Theodore"]
[Result "1-0"]
[Board "157"]
[WhiteFideId "25745700"]
[BlackFideId "426547"]
[WhiteTitle "FM"]
[WhiteElo "2563"]
[BlackElo "2399"]
[WhiteTeam "IND"]
[BlackTeam "ENG"]
[WhiteClock "0:00:31"]
[BlackClock "0:00:03"]
[Variant "Standard"]

1. e4 {[%clk 0:03:00]}  e5 {[%clk 0:03:00]} 2. Nf3 {[%clk 0:03:00]}  Nc6 {[%clk 0:03:01]} 3. Bc4 {[%clk 0:03:00]}  Bc5 {[%clk 0:03:01]} 4. O-O {[%clk 0:03:00]}  Nf6 {[%clk 0:03:01]} 5. d3 {[%clk 0:02:59]}  O-O {[%clk 0:03:02]} 6. c3 {[%clk 0:03:00]}  d6 {[%clk 0:03:02]} 7. Nbd2 {[%clk 0:02:59]}  Bb6 {[%clk 0:03:01]} 8. h3 {[%clk 0:02:58]}  Ne7 {[%clk 0:03:00]} 9. Re1 {[%clk 0:02:58]}  Ng6 {[%clk 0:02:58]} 10. Bb3 {[%clk 0:02:59]}  c6 {[%clk 0:02:56]} 11. Nf1 {[%clk 0:02:59]}  Re8 {[%clk 0:02:36]} 12. Ng3 {[%clk 0:02:56]}  h6 {[%clk 0:02:27]} 13. d4 {[%clk 0:02:56]}  Be6 {[%clk 0:02:20]} 14. Bc2 {[%clk 0:02:52]}  Qc7 {[%clk 0:02:12]} 15. Be3 {[%clk 0:02:49]}  c5 {[%clk 0:01:51]} 16. d5 {[%clk 0:02:40]}  Bd7 {[%clk 0:01:51]} 17. Qd2 {[%clk 0:02:41]}  c4 {[%clk 0:01:39]} 18. Bxh6 {[%clk 0:02:28]}  gxh6 {[%clk 0:01:40]} 19. Qxh6 {[%clk 0:02:28]}  Qd8 {[%clk 0:01:34]} 20. Ng5 {[%clk 0:02:28]}  Qe7 {[%clk 0:00:55]} 21. Nf5 {[%clk 0:01:41]}  Bxf5 {[%clk 0:00:54]} 22. exf5 {[%clk 0:01:42]}  Nf4 {[%clk 0:00:50]} 23. g3 {[%clk 0:01:37]}  N4xd5 {[%clk 0:00:43]} 24. Re4 {[%clk 0:01:28]}  Qf8 {[%clk 0:00:41]} 25. Qh4 {[%clk 0:01:28]}  Qg7 {[%clk 0:00:34]} 26. Rxc4 {[%clk 0:01:19]}  Rac8 {[%clk 0:00:29]} 27. Bb3 {[%clk 0:01:18]}  Rxc4 {[%clk 0:00:26]} 28. Bxc4 {[%clk 0:01:19]}  Rc8 {[%clk 0:00:19]} 29. Bb3 {[%clk 0:01:18]}  Qh8 {[%clk 0:00:08]} 30. Qxh8+ {[%clk 0:01:14]}  Kxh8 {[%clk 0:00:09]} 31. Nxf7+ {[%clk 0:01:14]}  Kg7 {[%clk 0:00:09]} 32. Nxd6 {[%clk 0:01:14]}  Rd8 {[%clk 0:00:07]} 33. Nc4 {[%clk 0:01:15]}  e4 {[%clk 0:00:04]} 34. Re1 {[%clk 0:01:11]}  e3 {[%clk 0:00:03]} 35. fxe3 {[%clk 0:01:05]}  Re8 {[%clk 0:00:03]} 36. Nxb6 {[%clk 0:01:03]}  axb6 {[%clk 0:00:03]} 37. e4 {[%clk 0:01:00]}  Nc7 {[%clk 0:00:02]} 38. e5 {[%clk 0:00:58]}  Nfd5 {[%clk 0:00:02]} 39. f6+ {[%clk 0:00:56]}  Kg6 {[%clk 0:00:03]} 40. Kf2 {[%clk 0:00:54]}  b5 {[%clk 0:00:02]} 41. g4 {[%clk 0:00:48]}  Nb6 {[%clk 0:00:03]} 42. f7 {[%clk 0:00:45]}  Rf8 {[%clk 0:00:02]} 43. e6 {[%clk 0:00:46]}  Nbd5 {[%clk 0:00:02]} 44. Kg3 {[%clk 0:00:38]}  Kf6 {[%clk 0:00:02]} 45. h4 {[%clk 0:00:36]}  Ne7 {[%clk 0:00:03]} 46. g5+ {[%clk 0:00:36]}  Kg6 {[%clk 0:00:03]} 47. Bc2+ {[%clk 0:00:35]}  Kg7 {[%clk 0:00:03]} 48. h5 {[%clk 0:00:35]}  Nxe6 {[%clk 0:00:03]} 49. Rxe6 {[%clk 0:00:35]}  Rxf7 {[%clk 0:00:04]} 50. h6+ {[%clk 0:00:35]}  Kg8 {[%clk 0:00:03]} 51. g6 {[%clk 0:00:31]}  Nxg6 {[%clk 0:00:03]} 52. Bxg6 {[%clk 0:00:30]}  Rf1 {[%clk 0:00:03]} 53. Re8+ {[%clk 0:00:29]}  Rf8 {[%clk 0:00:03]} 54. h7+ {[%clk 0:00:30]}  Kg7 {[%clk 0:00:04]} 55. Rxf8 {[%clk 0:00:31]}  Kxf8 {[%clk 0:00:03]} 56. h8=Q+ {[%clk 0:00:31]} 1-0

[Event "April 9 Early 2024"]
[Site "Chess.com"]
[Date "2024.04.09"]
[Round "5"]
[White "Rego, Vinicius V. de Almeida"]
[Black "Banerjee, Supratit"]
[Result "0-1"]
[Board "158"]
[WhiteFideId "2106485"]
[BlackFideId "2410079"]
[WhiteTitle "FM"]
[BlackTitle "CM"]
[WhiteElo "2391"]
[BlackElo "2562"]
[WhiteTeam "BRA"]
[BlackTeam "ENG"]
[WhiteClock "0:00:32"]
[BlackClock "0:01:00"]
[Variant "Standard"]

1. e4 {[%clk 0:03:00]}  e6 {[%clk 0:02:56]} 2. d4 {[%clk 0:03:00]}  d5 {[%clk 0:02:56]} 3. e5 {[%clk 0:03:01]}  c5 {[%clk 0:02:56]} 4. c3 {[%clk 0:03:01]}  Nc6 {[%clk 0:02:56]} 5. Nf3 {[%clk 0:03:01]}  Qb6 {[%clk 0:02:57]} 6. a3 {[%clk 0:03:00]}  Bd7 {[%clk 0:02:57]} 7. b4 {[%clk 0:02:44]}  cxd4 {[%clk 0:02:56]} 8. cxd4 {[%clk 0:02:45]}  Rc8 {[%clk 0:02:52]} 9. Bb2 {[%clk 0:02:41]}  Na5 {[%clk 0:02:49]} 10. Nbd2 {[%clk 0:02:41]}  Nc4 {[%clk 0:02:48]} 11. Nxc4 {[%clk 0:02:36]}  dxc4 {[%clk 0:02:48]} 12. Rc1 {[%clk 0:02:35]}  Qa6 {[%clk 0:02:38]} 13. d5 {[%clk 0:02:29]}  exd5 {[%clk 0:02:36]} 14. Qxd5 {[%clk 0:02:30]}  Be6 {[%clk 0:02:35]} 15. Qe4 {[%clk 0:02:25]}  Ne7 {[%clk 0:02:32]} 16. Nd4 {[%clk 0:02:21]}  Bd5 {[%clk 0:02:29]} 17. Qg4 {[%clk 0:02:22]}  g6 {[%clk 0:02:10]} 18. Nb3 {[%clk 0:01:52]}  Be6 {[%clk 0:01:58]} 19. Qg5 {[%clk 0:01:47]}  Bg7 {[%clk 0:01:51]} 20. Nc5 {[%clk 0:01:47]}  Qc6 {[%clk 0:01:48]} 21. Nxe6 {[%clk 0:01:12]}  Qxe6 {[%clk 0:01:45]} 22. Be2 {[%clk 0:01:11]}  O-O {[%clk 0:01:37]} 23. b5 {[%clk 0:01:05]}  h6 {[%clk 0:01:36]} 24. Qe3 {[%clk 0:00:56]}  Nd5 {[%clk 0:01:18]} 25. Qg3 {[%clk 0:00:56]}  c3 {[%clk 0:01:16]} 26. Bxc3 {[%clk 0:00:56]}  Nxc3 {[%clk 0:01:14]} 27. Rxc3 {[%clk 0:00:52]}  Bxe5 {[%clk 0:01:14]} 28. Rxc8 {[%clk 0:00:49]}  Bxg3 {[%clk 0:01:13]} 29. Rxf8+ {[%clk 0:00:49]}  Kxf8 {[%clk 0:01:14]} 30. hxg3 {[%clk 0:00:49]}  Qa2 {[%clk 0:01:07]} 31. Rxh6 {[%clk 0:00:49]}  Qa1+ {[%clk 0:01:06]} 32. Bd1 {[%clk 0:00:48]}  Qc3+ {[%clk 0:01:02]} 33. Ke2 {[%clk 0:00:38]}  Qxa3 {[%clk 0:01:01]} 34. Rh4 {[%clk 0:00:32]}  Qb2+ {[%clk 0:01:00]} 0-1

[Event "April 9 Early 2024"]
[Site "Chess.com"]
[Date "2024.04.09"]
[Round "5"]
[White "Osmonbekov, Talaibek"]
[Black "Bournel, Antoine"]
[Result "0-1"]
[Board "162"]
[WhiteFideId "2017253"]
[BlackFideId "26093553"]
[BlackTitle "IM"]
[WhiteElo "2345"]
[BlackElo "2559"]
[WhiteTeam "USA"]
[BlackTeam "FRA"]
[WhiteClock "0:00:00"]
[BlackClock "0:00:20"]
[Variant "Standard"]

1. d4 {[%clk 0:02:56]}  d6 {[%clk 0:02:59]} 2. Nc3 {[%clk 0:02:56]}  g6 {[%clk 0:02:56]} 3. e4 {[%clk 0:02:57]}  Bg7 {[%clk 0:02:57]} 4. Bf4 {[%clk 0:02:57]}  Nc6 {[%clk 0:02:56]} 5. d5 {[%clk 0:02:44]}  Ne5 {[%clk 0:02:54]} 6. Nf3 {[%clk 0:02:40]}  Nxf3+ {[%clk 0:02:51]} 7. Qxf3 {[%clk 0:02:36]}  Nf6 {[%clk 0:02:51]} 8. Bb5+ {[%clk 0:02:18]}  Nd7 {[%clk 0:02:50]} 9. O-O {[%clk 0:02:14]}  O-O {[%clk 0:02:50]} 10. Qg3 {[%clk 0:02:02]}  e5 {[%clk 0:02:41]} 11. dxe6 {[%clk 0:01:57]}  fxe6 {[%clk 0:02:42]} 12. Rad1 {[%clk 0:01:53]}  Qe7 {[%clk 0:02:35]} 13. Bc4 {[%clk 0:01:40]}  Kh8 {[%clk 0:02:34]} 14. Nb5 {[%clk 0:01:36]}  Ne5 {[%clk 0:02:33]} 15. Bg5 {[%clk 0:01:05]}  Qf7 {[%clk 0:02:12]} 16. Be2 {[%clk 0:01:03]}  a6 {[%clk 0:02:11]} 17. Nc3 {[%clk 0:01:02]}  Nc6 {[%clk 0:01:51]} 18. f4 {[%clk 0:00:57]}  b5 {[%clk 0:01:48]} 19. e5 {[%clk 0:00:41]}  d5 {[%clk 0:01:34]} 20. Bf3 {[%clk 0:00:40]}  Ne7 {[%clk 0:01:26]} 21. Ne2 {[%clk 0:00:22]}  Nf5 {[%clk 0:01:25]} 22. Qh3 {[%clk 0:00:22]}  Ne3 {[%clk 0:01:22]} 23. Rfe1 {[%clk 0:00:19]}  Nxd1 {[%clk 0:01:19]} 24. Rxd1 {[%clk 0:00:20]}  c5 {[%clk 0:01:18]} 25. c3 {[%clk 0:00:19]}  Bd7 {[%clk 0:01:16]} 26. Qh4 {[%clk 0:00:16]}  a5 {[%clk 0:01:09]} 27. Be7 {[%clk 0:00:11]}  Rfc8 {[%clk 0:01:03]} 28. Bd6 {[%clk 0:00:09]}  a4 {[%clk 0:00:59]} 29. g3 {[%clk 0:00:08]}  Bc6 {[%clk 0:00:51]} 30. Bxc5 {[%clk 0:00:05]}  b4 {[%clk 0:00:34]} 31. Bxb4 {[%clk 0:00:04]}  Bb5 {[%clk 0:00:29]} 32. Nd4 {[%clk 0:00:04]}  Bc4 {[%clk 0:00:29]} 33. a3 {[%clk 0:00:05]}  Rab8 {[%clk 0:00:25]} 34. Bg4 {[%clk 0:00:05]}  Rb6 {[%clk 0:00:22]} 35. Rd2 {[%clk 0:00:03]}  Bf8 {[%clk 0:00:20]} 36. Bxf8 {[%clk 0:00:00]}  Rxf8 {[%clk 0:00:20]} 0-1

[Event "April 9 Early 2024"]
[Site "Chess.com"]
[Date "2024.04.09"]
[Round "5"]
[White "Essing, Arnold"]
[Black "Herman, Matthew"]
[Result "0-1"]
[Board "166"]
[WhiteFideId "4619862"]
[BlackFideId "2028964"]
[WhiteTitle "FM"]
[BlackTitle "IM"]
[WhiteElo "2322"]
[BlackElo "2556"]
[WhiteTeam "GER"]
[BlackTeam "USA"]
[WhiteClock "0:00:08"]
[BlackClock "0:00:29"]
[Variant "Standard"]

1. d4 {[%clk 0:03:00]}  Nf6 {[%clk 0:02:59]} 2. Nf3 {[%clk 0:03:01]}  g6 {[%clk 0:03:00]} 3. c4 {[%clk 0:03:01]}  Bg7 {[%clk 0:03:00]} 4. Nc3 {[%clk 0:03:02]}  O-O {[%clk 0:03:00]} 5. e4 {[%clk 0:03:02]}  d6 {[%clk 0:03:01]} 6. Be2 {[%clk 0:03:02]}  Nbd7 {[%clk 0:03:01]} 7. O-O {[%clk 0:03:02]}  e5 {[%clk 0:03:01]} 8. Re1 {[%clk 0:03:02]}  h6 {[%clk 0:03:01]} 9. Rb1 {[%clk 0:03:01]}  Nh7 {[%clk 0:03:00]} 10. g3 {[%clk 0:02:30]}  Ng5 {[%clk 0:03:00]} 11. Nxg5 {[%clk 0:02:25]}  exd4 {[%clk 0:02:59]} 12. Nb5 {[%clk 0:02:18]}  hxg5 {[%clk 0:02:49]} 13. Nxd4 {[%clk 0:02:18]}  Nc5 {[%clk 0:02:42]} 14. Bf1 {[%clk 0:02:14]}  g4 {[%clk 0:02:29]} 15. b4 {[%clk 0:02:08]}  Ne6 {[%clk 0:02:24]} 16. Nxe6 {[%clk 0:02:08]}  Bxe6 {[%clk 0:02:25]} 17. Bb2 {[%clk 0:02:08]}  Bxb2 {[%clk 0:02:23]} 18. Rxb2 {[%clk 0:02:09]}  Qf6 {[%clk 0:02:23]} 19. Rc2 {[%clk 0:01:58]}  Rad8 {[%clk 0:02:17]} 20. Be2 {[%clk 0:01:40]}  Qg5 {[%clk 0:02:12]} 21. Qc1 {[%clk 0:01:37]}  Qxc1 {[%clk 0:02:02]} 22. Rcxc1 {[%clk 0:01:36]}  c5 {[%clk 0:01:52]} 23. b5 {[%clk 0:01:31]}  Kg7 {[%clk 0:01:50]} 24. Rcd1 {[%clk 0:01:29]}  Kf6 {[%clk 0:01:50]} 25. Bf1 {[%clk 0:01:13]}  Ke5 {[%clk 0:01:42]} 26. Rd2 {[%clk 0:01:13]}  g5 {[%clk 0:01:36]} 27. a4 {[%clk 0:01:00]}  Rh8 {[%clk 0:01:32]} 28. Be2 {[%clk 0:00:40]}  Rh6 {[%clk 0:01:31]} 29. f3 {[%clk 0:00:39]}  gxf3 {[%clk 0:01:27]} 30. Bxf3 {[%clk 0:00:39]}  Bxc4 {[%clk 0:01:17]} 31. Red1 {[%clk 0:00:32]}  Be6 {[%clk 0:01:06]} 32. a5 {[%clk 0:00:21]}  Rd7 {[%clk 0:00:54]} 33. g4 {[%clk 0:00:20]}  Rh8 {[%clk 0:00:51]} 34. Kg2 {[%clk 0:00:20]}  Rc8 {[%clk 0:00:50]} 35. Kg3 {[%clk 0:00:20]}  c4 {[%clk 0:00:48]} 36. Rc2 {[%clk 0:00:20]}  Rc5 {[%clk 0:00:48]} 37. b6 {[%clk 0:00:20]}  Rxa5 {[%clk 0:00:47]} 38. bxa7 {[%clk 0:00:19]}  Rxa7 {[%clk 0:00:48]} 39. Rb1 {[%clk 0:00:19]}  Ra5 {[%clk 0:00:46]} 40. Rb6 {[%clk 0:00:18]}  Rc5 {[%clk 0:00:45]} 41. Be2 {[%clk 0:00:18]}  c3 {[%clk 0:00:37]} 42. Rc1 {[%clk 0:00:16]}  Rdc7 {[%clk 0:00:30]} 43. Rb4 {[%clk 0:00:11]}  c2 {[%clk 0:00:29]} 44. Bd3 {[%clk 0:00:08]}  Rc3 {[%clk 0:00:29]} 0-1

[Event "April 9 Early 2024"]
[Site "Chess.com"]
[Date "2024.04.10"]
[Round "5"]
[White "Zavgorodniy, Sergiy"]
[Black "Vrashank Chouhan"]
[Result "1-0"]
[Board "174"]
[WhiteFideId "14110148"]
[BlackFideId "25944240"]
[WhiteTitle "IM"]
[BlackTitle "FM"]
[WhiteElo "2623"]
[BlackElo "2428"]
[WhiteTeam "UKR"]
[BlackTeam "IND"]
[WhiteClock "0:00:09"]
[BlackClock "0:00:03"]
[Variant "Standard"]

1. d4 {[%clk 0:03:00]}  Nf6 {[%clk 0:02:54]} 2. c4 {[%clk 0:03:00]}  e6 {[%clk 0:02:54]} 3. Nf3 {[%clk 0:03:00]}  d5 {[%clk 0:02:55]} 4. e3 {[%clk 0:03:01]}  c5 {[%clk 0:02:53]} 5. dxc5 {[%clk 0:03:02]}  Bxc5 {[%clk 0:02:53]} 6. a3 {[%clk 0:03:02]}  O-O {[%clk 0:02:45]} 7. b4 {[%clk 0:03:03]}  Be7 {[%clk 0:02:46]} 8. Bb2 {[%clk 0:03:04]}  Nc6 {[%clk 0:02:44]} 9. Nbd2 {[%clk 0:03:03]}  a6 {[%clk 0:02:40]} 10. Rc1 {[%clk 0:03:03]}  a5 {[%clk 0:02:31]} 11. b5 {[%clk 0:03:03]}  Na7 {[%clk 0:02:31]} 12. Be2 {[%clk 0:03:03]}  b6 {[%clk 0:02:30]} 13. O-O {[%clk 0:03:03]}  Bb7 {[%clk 0:02:31]} 14. Qb3 {[%clk 0:03:03]}  Nd7 {[%clk 0:02:28]} 15. a4 {[%clk 0:02:56]}  Nc5 {[%clk 0:02:28]} 16. Qc2 {[%clk 0:02:56]}  Rc8 {[%clk 0:02:27]} 17. Rfd1 {[%clk 0:02:55]}  Bf6 {[%clk 0:02:27]} 18. Nd4 {[%clk 0:02:53]}  e5 {[%clk 0:02:23]} 19. Nf5 {[%clk 0:02:51]}  d4 {[%clk 0:02:22]} 20. exd4 {[%clk 0:02:50]}  exd4 {[%clk 0:02:23]} 21. Bd3 {[%clk 0:02:37]}  g6 {[%clk 0:02:19]} 22. Ng3 {[%clk 0:02:34]}  Bg7 {[%clk 0:02:08]} 23. Nde4 {[%clk 0:02:29]}  Ne6 {[%clk 0:02:08]} 24. Qb1 {[%clk 0:02:25]}  Rc7 {[%clk 0:02:04]} 25. Bf1 {[%clk 0:02:23]}  h5 {[%clk 0:02:00]} 26. Ne2 {[%clk 0:02:14]}  Rd7 {[%clk 0:01:57]} 27. c5 {[%clk 0:02:09]}  Bxe4 {[%clk 0:01:20]} 28. Qxe4 {[%clk 0:02:09]}  Nxc5 {[%clk 0:01:19]} 29. Qf3 {[%clk 0:02:08]}  d3 {[%clk 0:01:09]} 30. Nc3 {[%clk 0:02:04]}  Re8 {[%clk 0:01:00]} 31. Rb1 {[%clk 0:01:56]}  Nc8 {[%clk 0:00:57]} 32. g3 {[%clk 0:01:45]}  Ne7 {[%clk 0:00:49]} 33. Bh3 {[%clk 0:01:43]}  Rd6 {[%clk 0:00:46]} 34. Ne4 {[%clk 0:01:31]}  Nxe4 {[%clk 0:00:46]} 35. Qxe4 {[%clk 0:01:32]}  Nf5 {[%clk 0:00:46]} 36. Qf4 {[%clk 0:01:29]}  Nd4 {[%clk 0:00:44]} 37. Kh1 {[%clk 0:01:18]}  Ne2 {[%clk 0:00:38]} 38. Qf3 {[%clk 0:01:18]}  Bxb2 {[%clk 0:00:32]} 39. Rxb2 {[%clk 0:01:19]}  Rf6 {[%clk 0:00:33]} 40. Qxd3 {[%clk 0:01:11]}  Qxd3 {[%clk 0:00:21]} 41. Rxd3 {[%clk 0:01:12]}  Rxf2 {[%clk 0:00:22]} 42. Rdd2 {[%clk 0:01:12]}  Nxg3+ {[%clk 0:00:20]} 43. Kg1 {[%clk 0:01:12]}  Rxd2 {[%clk 0:00:11]} 44. Rxd2 {[%clk 0:01:13]}  Ne2+ {[%clk 0:00:09]} 45. Kf2 {[%clk 0:01:12]}  Nc3 {[%clk 0:00:10]} 46. Rd4 {[%clk 0:00:55]}  Re4 {[%clk 0:00:10]} 47. Rd7 {[%clk 0:00:49]}  Nxa4 {[%clk 0:00:09]} 48. Bg2 {[%clk 0:00:49]}  Rb4 {[%clk 0:00:09]} 49. Bd5 {[%clk 0:00:49]}  Nc3 {[%clk 0:00:09]} 50. Bxf7+ {[%clk 0:00:48]}  Kg7 {[%clk 0:00:10]} 51. Bd5+ {[%clk 0:00:43]}  Kf6 {[%clk 0:00:10]} 52. Bc6 {[%clk 0:00:44]}  Nxb5 {[%clk 0:00:10]} 53. Ke3 {[%clk 0:00:36]}  Na3 {[%clk 0:00:08]} 54. Rd6+ {[%clk 0:00:35]}  Kg5 {[%clk 0:00:08]} 55. Re6 {[%clk 0:00:27]}  Nc4+ {[%clk 0:00:09]} 56. Kd3 {[%clk 0:00:26]}  Nb2+ {[%clk 0:00:08]} 57. Kd2 {[%clk 0:00:26]}  Nc4+ {[%clk 0:00:08]} 58. Kd3 {[%clk 0:00:26]}  Nb2+ {[%clk 0:00:08]} 59. Kd2 {[%clk 0:00:27]}  Rc4 {[%clk 0:00:09]} 60. Be8 {[%clk 0:00:24]}  a4 {[%clk 0:00:09]} 61. Rxg6+ {[%clk 0:00:24]}  Kh4 {[%clk 0:00:09]} 62. Rxb6 {[%clk 0:00:21]}  a3 {[%clk 0:00:09]} 63. Ra6 {[%clk 0:00:19]}  Rc8 {[%clk 0:00:04]} 64. Bf7 {[%clk 0:00:17]}  Rd8+ {[%clk 0:00:04]} 65. Ke2 {[%clk 0:00:16]}  Rd7 {[%clk 0:00:04]} 66. Bg8 {[%clk 0:00:14]}  Re7+ {[%clk 0:00:04]} 67. Kf3 {[%clk 0:00:13]}  Nd1 {[%clk 0:00:03]} 68. Rxa3 {[%clk 0:00:12]}  Rg7 {[%clk 0:00:03]} 69. Be6 {[%clk 0:00:11]}  Rg6 {[%clk 0:00:03]} 70. Bf5 {[%clk 0:00:09]}  Rf6 {[%clk 0:00:03]} 71. Kf4 {[%clk 0:00:09]}  Nb2 {[%clk 0:00:03]} 72. Rh3# {[%clk 0:00:09]} 1-0

[Event "April 9 Early 2024"]
[Site "Chess.com"]
[Date "2024.04.09"]
[Round "5"]
[White "Dixit, Nikhil"]
[Black "Czerwonski, Aleksander"]
[Result "1-0"]
[Board "175"]
[WhiteFideId "5059534"]
[BlackFideId "1100459"]
[WhiteTitle "FM"]
[BlackTitle "IM"]
[WhiteElo "2618"]
[BlackElo "2402"]
[WhiteTeam "IND"]
[BlackTeam "POL"]
[WhiteClock "0:00:06"]
[BlackClock "0:00:33"]
[Variant "Standard"]

1. e4 {[%clk 0:02:53]}  d6 {[%clk 0:02:58]} 2. d4 {[%clk 0:02:43]}  Nf6 {[%clk 0:02:59]} 3. Nc3 {[%clk 0:02:42]}  g6 {[%clk 0:02:59]} 4. h3 {[%clk 0:02:35]}  a6 {[%clk 0:02:56]} 5. g4 {[%clk 0:02:35]}  b5 {[%clk 0:02:55]} 6. Bg2 {[%clk 0:02:35]}  Bb7 {[%clk 0:02:54]} 7. Be3 {[%clk 0:02:19]}  Nbd7 {[%clk 0:02:41]} 8. Nge2 {[%clk 0:01:52]}  b4 {[%clk 0:02:33]} 9. Nd5 {[%clk 0:01:50]}  Nxd5 {[%clk 0:02:30]} 10. exd5 {[%clk 0:01:49]}  Bg7 {[%clk 0:02:29]} 11. c4 {[%clk 0:01:47]}  bxc3 {[%clk 0:02:25]} 12. bxc3 {[%clk 0:01:48]}  Nb6 {[%clk 0:02:24]} 13. Nf4 {[%clk 0:01:14]}  O-O {[%clk 0:02:19]} 14. Rc1 {[%clk 0:00:50]}  Nc4 {[%clk 0:02:11]} 15. O-O {[%clk 0:00:48]}  Qd7 {[%clk 0:02:03]} 16. Qe2 {[%clk 0:00:44]}  Nxe3 {[%clk 0:02:02]} 17. fxe3 {[%clk 0:00:44]}  Rab8 {[%clk 0:01:56]} 18. c4 {[%clk 0:00:39]}  e5 {[%clk 0:01:55]} 19. dxe6 {[%clk 0:00:35]}  fxe6 {[%clk 0:01:55]} 20. c5 {[%clk 0:00:29]}  Bxg2 {[%clk 0:01:45]} 21. Nxg2 {[%clk 0:00:20]}  d5 {[%clk 0:01:29]} 22. Rxf8+ {[%clk 0:00:19]}  Rxf8 {[%clk 0:01:27]} 23. Qxa6 {[%clk 0:00:19]}  e5 {[%clk 0:01:23]} 24. dxe5 {[%clk 0:00:17]}  Bxe5 {[%clk 0:01:24]} 25. Rf1 {[%clk 0:00:16]}  Rb8 {[%clk 0:01:10]} 26. Qd3 {[%clk 0:00:11]}  c6 {[%clk 0:00:56]} 27. Nf4 {[%clk 0:00:10]}  Kg7 {[%clk 0:00:53]} 28. a4 {[%clk 0:00:08]}  Rb2 {[%clk 0:00:50]} 29. Ng2 {[%clk 0:00:07]}  Bb8 {[%clk 0:00:33]} 30. Qd4+ {[%clk 0:00:06]} 1-0

[Event "April 9 Early 2024"]
[Site "Chess.com"]
[Date "2024.04.09"]
[Round "5"]
[White "Palencia Morales, Wilson Guillermo"]
[Black "Bravo De La Vega, Alvaro"]
[Result "1-0"]
[Board "176"]
[WhiteFideId "4401859"]
[BlackFideId "24570672"]
[WhiteTitle "IM"]
[BlackTitle "CM"]
[WhiteElo "2594"]
[BlackElo "2416"]
[WhiteTeam "COL"]
[BlackTeam "ESP"]
[WhiteClock "0:01:34"]
[BlackClock "0:00:55"]
[Variant "Standard"]

1. d4 {[%clk 0:02:52]}  Nf6 {[%clk 0:02:59]} 2. c4 {[%clk 0:02:52]}  e6 {[%clk 0:03:00]} 3. Nf3 {[%clk 0:02:52]}  d5 {[%clk 0:03:00]} 4. Nc3 {[%clk 0:02:52]}  Be7 {[%clk 0:02:59]} 5. Bg5 {[%clk 0:02:53]}  h6 {[%clk 0:02:59]} 6. Bxf6 {[%clk 0:02:53]}  Bxf6 {[%clk 0:03:00]} 7. e3 {[%clk 0:02:53]}  O-O {[%clk 0:03:00]} 8. Qc2 {[%clk 0:02:53]}  b6 {[%clk 0:02:57]} 9. cxd5 {[%clk 0:02:52]}  exd5 {[%clk 0:02:58]} 10. h4 {[%clk 0:02:53]}  c5 {[%clk 0:02:57]} 11. O-O-O {[%clk 0:02:49]}  c4 {[%clk 0:02:36]} 12. g4 {[%clk 0:02:48]}  Bxg4 {[%clk 0:02:23]} 13. Be2 {[%clk 0:02:48]}  g6 {[%clk 0:02:19]} 14. Ne5 {[%clk 0:02:43]}  Bf5 {[%clk 0:02:17]} 15. Qd2 {[%clk 0:02:36]}  h5 {[%clk 0:02:15]} 16. Bf3 {[%clk 0:02:33]}  Be6 {[%clk 0:02:09]} 17. Nxc4 {[%clk 0:02:32]}  dxc4 {[%clk 0:02:01]} 18. Bxa8 {[%clk 0:02:31]}  Na6 {[%clk 0:02:02]} 19. Be4 {[%clk 0:02:29]}  b5 {[%clk 0:01:59]} 20. Bc2 {[%clk 0:02:18]}  b4 {[%clk 0:01:58]} 21. Ne4 {[%clk 0:02:18]}  Bg7 {[%clk 0:01:58]} 22. Ng5 {[%clk 0:02:17]}  Bd7 {[%clk 0:01:41]} 23. Qe2 {[%clk 0:02:08]}  Qa5 {[%clk 0:01:34]} 24. Qxc4 {[%clk 0:02:03]}  Bb5 {[%clk 0:01:32]} 25. Qb3 {[%clk 0:01:56]}  Qc7 {[%clk 0:01:17]} 26. Kb1 {[%clk 0:01:55]}  Rc8 {[%clk 0:01:04]} 27. Bd3 {[%clk 0:01:38]}  Bxd3+ {[%clk 0:01:00]} 28. Qxd3 {[%clk 0:01:37]}  Nb8 {[%clk 0:00:59]} 29. Rc1 {[%clk 0:01:37]}  Qd7 {[%clk 0:00:57]} 30. Rxc8+ {[%clk 0:01:35]}  Qxc8 {[%clk 0:00:58]} 31. Rc1 {[%clk 0:01:35]}  Qb7 {[%clk 0:00:55]} 32. Qe4 {[%clk 0:01:34]} 1-0